| 000 | 00690nam a2200241Ia 4500 | ||
|---|---|---|---|
| 005 | 20260430150213.0 | ||
| 008 | 008 250103s9999 xx 000 0 eng d | ||
| 037 | _aTheses | ||
| 040 | _aCRL | ||
| 040 | _beng | ||
| 040 | _ceng | ||
| 041 | _2eng | ||
| 041 | _aeng | ||
| 084 | _qCRL | ||
| 100 |
_aMaurya Vibha Au.; Singh Nachiketa Gu. _91236783 |
||
| 245 | 0 | _aIndia's Evolving interests in th Indian Ocean; the implications of chinese Presence Since 1990 | |
| 260 | _c2020 | ||
| 300 | _a256p. | ||
| 650 | _aPolitical Science | ||
| 700 |
_aUniversity of Delhi. Faculty of Social Sciences. Department of Political Science _9520505 |
||
| 942 | _cTH | ||
| 999 |
_c1849206 _d1849206 |
||